000 00743nam a2200193 i 4500
001 54233
003 ES-MaACL
005 20250918194237.0
007 t|
008 031202s1915 sp ||||1| spa d
245 0 0 _aNoticias históricas y genealógicas de los estados de Montijo y Teba :
_bsegún los documentos de sus archivos /
_clas publica el Duque de Berwick y de Alba.
260 _aMadrid :
_b[s.n.],
_c1915 (
_fImp. Alemana)
300 _aVII, 370 p., [18] h. de lám. col. y n. :
_bil. ;
_c30 cm.
650 4 _aGenealogía.
_913045
650 4 _aNobleza-
_zEspaña-
_vHistoria.
_9167931
700 1 _aAlba, Jacobo Fitz-James Stuart y Falcó,
_cDuque de,
_d1878-1953
_9173467
852 _aES-MaACL
_jC-2273
999 _c54233
_d54233